Estadísticas para Prueba de banderas históricas de España. (Difícil)

Haz click aquí para intentar la prueba.

Estadísticas generales

  • Esta prueba ha sido intentada 25 veces
  • La puntuación promedio es 4 de 8

Estadísticas de respuestas

Respuesta% Correcto
1931 - 1939
88%
1981 - actualidad
58%
1977 - 1981
46%
1945 - 1977
42%
1873 - 1874
38%
1938 - 1945
38%
1875 - 1931
25%
1843 - 1873
21%

Distribución de puntuación

Porcentaje por número respondido

Porcentaje de gente con cada puntuación

Historial de tus puntuaciones

No has intentado esta prueba.